| 000 | 00876nam a22002297a 4500 | ||
|---|---|---|---|
| 999 |
_c6995 _d6995 |
||
| 003 | AR-CdUCM | ||
| 008 | 190319b ||||| |||| 00| 0 spa d | ||
| 040 |
_aMUNICIPALIDAD PROVINCIAL DEL CUSCO _cBIBLIOTECA MUNICIPAL DEL CUSCO |
||
| 082 |
_a382.3 / _bC15 |
||
| 100 |
_aCafagna, Luciano _919715 |
||
| 245 | _aLa economía de un la Unión Soviética / | ||
| 260 |
_aMexico : _bUteha, _c1961. |
||
| 300 |
_a143 páginas ; _c17 cm. _e+2 mapas. |
||
| 440 |
_aManuales Uteha - economía _n76 _919716 |
||
| 505 | _aLas premisas -- Las fases de evolución del sistema -- La estructura del centralismo económico socialista -- El desarrollo de la economía soviética hasta 1958... | ||
| 650 |
_aEconomía. _9382 |
||
| 650 |
_aUnión Soviética. _9496 |
||
| 650 |
_aEconomía socialista. _98024 |
||
| 700 |
_aGerhard, Carlos (traductor) _98030 |
||
| 942 |
_2ddc _cLIBROS |
||
| 945 | _awfj | ||